Sports Quiz

Random Sports or Baseball Quiz

Say It Ain't So, Joe: Scandals in Baseball Quiz Stats

 Plays Quiz not verified by Sporcle

Challenge
Share
Tweet
Embed
Score 0/10 Timer 05:00
0 Plays Today
Hint Answer % Correct
True or False: While he was a player, Pete Rose earned the record for most career hits at 4,256. True
97.8%
In March of 1989, Pete Rose was accused of betting on games while he was a manager. What was the team that he managed? Cincinnati Reds
96.6%
Joe Jackson one of the players in the 1919 scandal, had a nickname. What was it?Shoeless Joe Jackson
91%
The 1919 World Series resulted in the biggest scandal in baseball history. 8 players of the Chicago White Sox team were accused of throwing the series against what team?Cincinnati Reds
83.1%
In the 1980's the owners' collusion to keep players' salaries low and other abuses by the owners resulted in a strike in what year during the 1990s?1994
80.9%
The 1986 Pittsburgh Trials Scandal involving multiple players involved what drug?cocaine
77.5%
In 1908 The New York Giants were accused of trying to bribe an umpire in a playoff game against what team?Chicago Cubs
56.2%
In 1914 this team was rumored to have thrown the World series against the Boston Braves, although never provenPhiladelphia Athletics
15.7%
In 2013 the most players in baseball history, were suspended due to purchasing HGH from what company?Biogenesis of America
9%
In 1877 Baseball saw its first major scandal. A betting scandal involving the Louisville Grays. Who was their star pitcher that was banned for life over the scandal?Jim Devlin
7.9%

You're not logged in!

Compare scores with friends on all Sporcle quizzes.
OR
Log In

You Might Also Like...

Show Comments

Extras

Top Quizzes Today


Score Distribution

Your Account Isn't Verified!

In order to create a playlist on Sporcle, you need to verify the email address you used during registration. Go to your Sporcle Settings to finish the process.

Report this User

Report this user for behavior that violates our Community Guidelines.

Details: